Country categories 6 - Statistics

General Stats
  • This quiz has been taken 27 times
  • The average score is 33 of 45
Answer Stats
Question Tile Select % Correct
Countries in Oceania No
100%
Countries in Oceania Yes
100%
Countries where French is an official language Yes
100%
Countries that have one of the 7 wonders of the world No
95%
Countries in Oceania No
95%
Countries that border at least one of the 10 larges lakes by area Yes
95%
Countries that have one of the 7 wonders of the world No
89%
Countries in Oceania Yes
89%
Countries in Oceania No
89%
Countries where French is an official language Yes
89%
Countries that weren’t independent in 1990 Yes
89%
Countries that weren’t independent in 1990 Yes
89%
Countries that have one of the 7 wonders of the world No
84%
Countries where French is an official language No
84%
Countries that weren’t independent in 1990 No
84%
Countries that border at least one of the 10 larges lakes by area No
84%
Countries in Oceania Yes
79%
Countries in Oceania No
79%
Countries where French is an official language No
79%
Countries that weren’t independent in 1990 No
79%
Countries that weren’t independent in 1990 No
79%
Countries that have one of the 7 wonders of the world No
74%
Countries in Oceania No
74%
Countries where French is an official language No
74%
Countries where French is an official language Yes
74%
Countries that border at least one of the 10 larges lakes by area Yes
74%
Countries that border at least one of the 10 larges lakes by area No
74%
Countries that have one of the 7 wonders of the world Yes
68%
Countries where French is an official language Yes
68%
Countries where French is an official language No
68%
Countries that weren’t independent in 1990 No
68%
Countries that border at least one of the 10 larges lakes by area No
68%
Countries that have one of the 7 wonders of the world Yes
63%
Countries that weren’t independent in 1990 Yes
63%
Countries that weren’t independent in 1990 No
63%
Countries that border at least one of the 10 larges lakes by area No
63%
Countries in Oceania Yes
58%
Countries that weren’t independent in 1990 Yes
53%
Countries that have one of the 7 wonders of the world Yes
47%
Countries that have one of the 7 wonders of the world Yes
47%
Countries where French is an official language No
47%
Countries that border at least one of the 10 larges lakes by area No
47%
Countries that border at least one of the 10 larges lakes by area Yes
42%
Countries that border at least one of the 10 larges lakes by area Yes
42%
Countries that have one of the 7 wonders of the world No
16%
No matching quizzes found
Score Distribution
Percent of People with Each Score
Percentile by Number Answered
Your Score History
You have not taken this quiz